Incompatibility in Angiosperms (Record no. 365181)
[ view plain ]
| 000 -LEADER | |
|---|---|
| fixed length control field | 003610000a22001570004500 |
| 020 ## - INTERNATIONAL STANDARD BOOK NUMBER | |
| International Standard Book Number | 0387081127 |
| 060 ## - NATIONAL LIBRARY OF MEDICINE CALL NUMBER | |
| Classification number | 100 |
| 082 ## - DEWEY DECIMAL CLASSIFICATION NUMBER | |
| Classification number | 582.130 416 DEN |
| 100 ## - MAIN ENTRY--PERSONAL NAME | |
| Personal name | Nettancourt, D.de |
| 245 ## - TITLE STATEMENT | |
| Title | Incompatibility in Angiosperms |
| 260 ## - PUBLICATION, DISTRIBUTION, ETC. (IMPRINT) | |
| Place of publication, distribution, etc. | Berlin, Springer-verkg |
| 260 ## - PUBLICATION, DISTRIBUTION, ETC. (IMPRINT) | |
| Date of publication, distribution, etc. | 1977 |
| 300 ## - PHYSICAL DESCRIPTION | |
| Extent | 230 |
| 650 ## - SUBJECT ADDED ENTRY--TOPICAL TERM | |
| Topical term or geographic name as entry element | Angiosperms/Incompitibility/ |
| 942 ## - ADDED ENTRY ELEMENTS (KOHA) | |
| Koha item type | Books (General) |
| Withdrawn status | Lost status | Source of classification or shelving scheme | Damaged status | Not for loan | Collection code | Home library | Current library | Shelving location | Date acquired | Total Checkouts | Full call number | Barcode | Date last seen | Price effective from | Koha item type |
|---|---|---|---|---|---|---|---|---|---|---|---|---|---|---|---|
| Dewey Decimal Classification | Reference Book | College of Agriculture, Vellayani | College of Agriculture, Vellayani | Reference | 02/05/2014 | 582.130 416 DEN | KAU_COAV-15347 | 02/05/2014 | 02/05/2014 | Reference Book |
